What breeds are these famous dogs? - Statistics

General Stats
  • This quiz has been taken 2,553 times
    2,543 since last reset
  • The average score is 10 of 21
Answer Stats
Hint Answer % Correct
Scooby Doo from Scooby Doo Where Are You Great Dane
86%
Lassie from Lassie Collie
84%
Beethoven from Beethoven St. Bernard
79%
Snoopy from Peanuts Beagle
75%
Spike and Tyke from Tom and Jerry American Bulldog
70%
Lady from Lady and the Tramp Cocker Spaniel
70%
Pongo and Perdita from 101 _________ Dalmatians
69%
Dug from Pixar's Up Golden Retriever
50%
Demon from Snow Dogs Husky
48%
Frank from Men In Black Pug
47%
Bruiser from Legally Blonde Chihuahua
46%
Brian from Family Guy Labrador
46%
Santa's Little Helper from The Simpsons Greyhound
44%
Alpha from Pixar's Up Doberman Pinscher
39%
Eddie from Frasier Jack Russel Terrier
39%
Hachi from Hachi: A Dog's Tale Akita Inu
31%
Droopy from Droopy, Master Detective Basset Hound
25%
Toto from Wizard of Oz Cairn Terrier
23%
Nana from Peter Pan Newfoundland
20%
Snowy from Tintin Wire Fox Terrier
14%
Ein from Cowboy Bebop Corgi
11%
No matching quizzes found
Score Distribution
Percent of People with Each Score
Percentile by Number Answered
Your Score History
You have not taken this quiz since the last reset